[Event "Test anti-draw scoring"]
[Site "SchemingMind.com"]
[Date "2015.09.04"]
[Round "-"]
[White "Scooter"]
[Black "Ramesh Panwar"]
[Result "0-1"]
[WhiteCountry "USA"]
[BlackCountry "IND"]
[WhiteElo "1710"]
[WhiteRD "48"]
[BlackElo "2402"]
[BlackRD "60"]
[GameID "387022"]

1. d4 d5 2. Nf3 Nc6 3. Bf4 Nf6 4. c3 Bf5 5. e3 e6 6. Bd3 Ne4 7. O-O Be7 8. Bxe4 Bxe4 9. Nbd2 g5 10. Bg3 Bg6
11. Ne5 Nxe5 12. Bxe5 f6 13. Bg3 Qd7 14. c4 h5 15. h3 Bd3 16. Re1 dxc4 17. Rc1 h4 18. Bxc7 Qxc7 19. Nxc4 Bxc4 20. b3 Bxb3
21. Rxc7 Bxd1
0-1

[Event "Test anti-draw scoring"]
[Site "SchemingMind.com"]
[Date "2015.09.07"]
[Round "-"]
[White "Scooter"]
[Black "emvarela"]
[Result "1-0"]
[WhiteCountry "USA"]
[BlackCountry "ARG"]
[WhiteElo "1723"]
[WhiteRD "47"]
[BlackElo "1722"]
[BlackRD "46"]
[GameID "387101"]

1. d4 Nf6 2. Nf3 d5 3. Bf4 e6 4. e3 Bd6 5. Bxd6 Qxd6 6. c3 O-O 7. Be2 Nc6 8. O-O e5 9. dxe5 Nxe5 10. Nbd2 Nxf3+
11. Nxf3 Be6 12. Nd4 c5 13. Nxe6 fxe6 14. c4 Rad8 15. cxd5 exd5 16. Qb3 b6 17. Rfd1 Qc7 18. Bf3 Qf7 19. Rd2 c4 20. Qb5 Rd6
21. Rc1 Rfd8 22. b3 cxb3 23. Qxb3 g5 24. Rd4 Qd7 25. Rcd1 Kg7 26. e4 g4 27. e5 gxf3 28. exd6 fxg2 29. Kxg2 Qxd6 30. Qg3+ Kf7
31. Qxd6 Rxd6 32. f3 Nh5 33. Kf2 Kf6 34. Rxd5
1-0

[Event "Test anti-draw scoring"]
[Site "SchemingMind.com"]
[Date "2015.09.07"]
[Round "-"]
[White "emvarela"]
[Black "Ramesh Panwar"]
[Result "0-1"]
[WhiteCountry "ARG"]
[BlackCountry "IND"]
[WhiteElo "1741"]
[WhiteRD "50"]
[BlackElo "2402"]
[BlackRD "60"]
[GameID "387102"]

1. e4 c5 2. Nf3 e6 3. d4 cxd4 4. Nxd4 Nf6 5. Nc3 Nc6 6. Nxc6 bxc6 7. Bg5 h6 8. Bxf6 Qxf6 9. Bd3 Rb8 10. Na4 d5
11. exd5 cxd5 12. Rb1 Bd6 13. Qe2 Bd7
0-1

[Event "Test anti-draw scoring"]
[Site "SchemingMind.com"]
[Date "2015.09.18"]
[Round "-"]
[White "Phillip Beckett"]
[Black "emvarela"]
[Result "0-1"]
[WhiteCountry "ENG"]
[BlackCountry "ARG"]
[WhiteElo "1559"]
[WhiteRD "49"]
[BlackElo "1722"]
[BlackRD "46"]
[GameID "387646"]

1. e4 e5 2. Nf3 Nc6 3. Bb5 a6 4. Bxc6 dxc6 5. d4 exd4 6. Qxd4 Qxd4 7. Nxd4 Bd6 8. Be3 c5 9. Nb3 b6 10. Nc3 Bb7
11. O-O-O Ne7 12. f3 O-O 13. g3 Rfd8 14. Rhe1 Be5 15. f4 Bxc3 16. bxc3 Ng6 17. e5 Bf3 18. Rxd8+ Rxd8 19. Rf1 Bc6 20. Rd1 Rxd1+
21. Kxd1 Ne7 22. Ke2 Nd5 23. Bd2 Kf8 24. c4 Nb4 25. Bxb4 cxb4 26. c5 b5 27. Nd4 Bd5 28. Nb3 c6 29. Kd3 Ke7 30. Nc1 f5
31. Kd4 Ke6 32. Ke3 h6 33. Kd4 Be4 34. Nb3 Bxc2 35. Nc1 a5
0-1

[Event "Test anti-draw scoring"]
[Site "SchemingMind.com"]
[Date "2015.09.17"]
[Round "-"]
[White "Phillip Beckett"]
[Black "Scooter"]
[Result "1-0"]
[WhiteCountry "ENG"]
[BlackCountry "USA"]
[WhiteElo "1545"]
[WhiteRD "51"]
[BlackElo "1710"]
[BlackRD "48"]
[GameID "387647"]

1. e4 c6 2. d4 d5 3. Nc3 dxe4 4. Nxe4 Bf5 5. Ng3 Bg6 6. c3 Nd7 7. Bd3 Bxd3 8. Qxd3 Qc7 9. N1e2 O-O-O 10. Bf4 e5
11. dxe5 Nxe5 12. Qf5+ Qd7 13. Qxe5
1-0

[Event "Test anti-draw scoring"]
[Site "SchemingMind.com"]
[Date "2015.09.18"]
[Round "-"]
[White "Ramesh Panwar"]
[Black "Phillip Beckett"]
[Result "1-0"]
[WhiteCountry "IND"]
[BlackCountry "ENG"]
[WhiteElo "2402"]
[WhiteRD "60"]
[BlackElo "1545"]
[BlackRD "51"]
[GameID "387648"]

1. e4 e5 2. Nf3 Nc6 3. Bb5 a6 4. Ba4 Nf6 5. O-O Be7 6. Nc3 b5 7. Bb3 O-O 8. d3 d6 9. Nd5 Nxd5 10. Bxd5 Bb7
11. Re1 Na5 12. Bxb7 Nxb7 13. c3 c5 14. Be3 Qc7 15. d4 exd4 16. cxd4 Rad8 17. Rc1 Qb8 18. Qb3 cxd4 19. Nxd4 Rc8 20. Nf5 Bf6
21. Qd5 Rxc1 22. Rxc1 Rc8 23. Rc6 Rxc6 24. Qxc6 Bxb2 25. Ba7 Qa8 26. Bb6 Bf6 27. Nxd6 Qb8 28. Bc7 Qa8 29. Qd5
1-0

[Event "Test anti-draw scoring"]
[Site "SchemingMind.com"]
[Date "2015.09.29"]
[Round "-"]
[White "Helga1946"]
[Black "emvarela"]
[Result "1-0"]
[WhiteCountry "GER"]
[BlackCountry "ARG"]
[WhiteElo "2236"]
[WhiteRD "71"]
[BlackElo "1722"]
[BlackRD "46"]
[GameID "387880"]

1. Nf3 Nf6 2. d4 d5 3. c4 e6 4. Bg5 h6 5. Bxf6 Qxf6 6. e3 Bb4+ 7. Nc3 Bxc3+ 8. bxc3 dxc4 9. Bxc4 Bd7 10. Ne5 O-O
11. Rb1 c5 12. Rxb7 Bc6 13. Rxb8 Raxb8 14. Nxc6 Rb6 15. Ne5 Rb2 16. Nd3 Rb6 17. Nxc5 Rd8 18. Qc2 e5 19. O-O exd4 20. exd4 Qg5
21. Re1 Rg6 22. g3 Rc6 23. Re5 Qg4 24. Re7 Rf6 25. Bb3 Qf5 26. Rxf7 Qxc2 27. Rd7+ Kh7 28. Bxc2+
1-0

[Event "Test anti-draw scoring"]
[Site "SchemingMind.com"]
[Date "2015.09.29"]
[Round "-"]
[White "Phillip Beckett"]
[Black "Helga1946"]
[Result "0-1"]
[WhiteCountry "ENG"]
[BlackCountry "GER"]
[WhiteElo "1559"]
[WhiteRD "49"]
[BlackElo "2236"]
[BlackRD "71"]
[GameID "387881"]

1. e4 e5 2. Nf3 Nc6 3. d4 exd4 4. Bc4 Nf6 5. e5 d5 6. exd6 Bxd6 7. O-O O-O 8. Bg5 h6 9. Bh4 Bg4 10. Be2 g5
11. Bg3 Bxg3 12. hxg3 a6 13. Nh2 Bxe2 14. Qxe2 Re8 15. Qd3 Qd5 16. c3 dxc3 17. Qxd5 cxb2 18. Qb3 bxa1=Q 19. Nc3 Re1 20. Rxe1 Qxe1+
21. Nf1 Re8 22. Nd5 Ng4
0-1

[Event "Test anti-draw scoring"]
[Site "SchemingMind.com"]
[Date "2015.09.29"]
[Round "-"]
[White "Helga1946"]
[Black "Scooter"]
[Result "1-0"]
[WhiteCountry "GER"]
[BlackCountry "USA"]
[WhiteElo "2236"]
[WhiteRD "71"]
[BlackElo "1723"]
[BlackRD "47"]
[GameID "387882"]

1. Nf3 Nf6 2. d4 g6 3. c4 Bg7 4. Nc3 O-O 5. e4 d6 6. h3 e5 7. dxe5 dxe5 8. Bg5 Nbd7 9. Be2 Nc5 10. Qc2 Re8
11. Rd1 Qe7 12. Nd5
1-0

[Event "Test anti-draw scoring"]
[Site "SchemingMind.com"]
[Date "2015.09.29"]
[Round "-"]
[White "Ramesh Panwar"]
[Black "Helga1946"]
[Result "1/2-1/2"]
[WhiteCountry "IND"]
[BlackCountry "GER"]
[WhiteElo "2415"]
[WhiteRD "59"]
[BlackElo "2236"]
[BlackRD "71"]
[GameID "387883"]

1. e4 e5 2. Nf3 Nc6 3. Bc4 Nf6 4. d4 exd4 5. O-O Nxe4 6. Re1 d5 7. Bxd5 Qxd5 8. Nc3 Qh5 9. Nxe4 Be6 10. Bg5 Bd6
11. Nxd6+ cxd6 12. Bf4 Qd5 13. c3 h6 14. Rc1 O-O 15. Nxd4 Nxd4 16. Qxd4 Qxd4 17. cxd4 Bxa2 18. Re7=
1/2-1/2

[Event "Test anti-draw scoring"]
[Site "SchemingMind.com"]
[Date "2015.10.04"]
[Round "-"]
[White "emvarela"]
[Black "Timaeus"]
[Result "1-0"]
[WhiteCountry "ARG"]
[BlackCountry "JPN"]
[WhiteElo "1722"]
[WhiteRD "46"]
[BlackElo "1399"]
[BlackRD "77"]
[GameID "388125"]

1. e4 d5 2. exd5 c6 3. dxc6 Nxc6 4. Bb5 Bd7 5. Nc3 e5 6. Bxc6 Bxc6 7. f3 Bc5 8. d3 Bxg1 9. Rxg1 a5 10. Bd2 f6
11. Qe2 Ne7 12. O-O-O O-O 13. f4 Nf5 14. g3 Nd4 15. Qf2 Bf3 16. Rde1 a4 17. Ne4 Rc8 18. Bc3 a3 19. Bxd4 Bxe4 20. Rxe4 exd4
21. Qxd4 Qc7 22. Qd5+ Kh8 23. Qb3 axb2+ 24. Kxb2 f5 25. Rc4 Qf7 26. Rxc8 Qxb3+ 27. axb3 Rxc8 28. Re1 Kg8 29. Re7 b5 30. Re5 Rd8
31. Rxb5 Re8 32. Re5 Rf8 33. c4
1-0

[Event "Test anti-draw scoring"]
[Site "SchemingMind.com"]
[Date "2015.09.30"]
[Round "-"]
[White "Timaeus"]
[Black "Phillip Beckett"]
[Result "0-1"]
[WhiteCountry "JPN"]
[BlackCountry "ENG"]
[WhiteElo "1399"]
[WhiteRD "77"]
[BlackElo "1559"]
[BlackRD "49"]
[GameID "388126"]

1. d4 d5 2. Nf3 Nf6 3. Bf4 e6 4. g3 c5 5. b3 Nc6 6. Bh3 cxd4 7. Nxd4 Nxd4 8. Qxd4 Qa5+ 9. Bd2 Qc5 10. Qd3 Bd7
11. Be3 Qa5+ 12. c3 Rc8 13. O-O Be7 14. Bd4 O-O 15. Nd2 g6 16. a4 a6 17. Be3 Qxc3 18. Bh6 Qxd3 19. exd3 Rfe8 20. d4 Bf8
21. Be3 Rc2 22. Rac1 Rec8 23. Nf3 Rxc1 24. Bxc1 Ne4 25. Nd2 Nxd2 26. Bxd2 Rc2 27. Rd1 b5 28. a5 b4 29. Ra1 Rxd2 30. Rc1 Bb5
0-1

[Event "Test anti-draw scoring"]
[Site "SchemingMind.com"]
[Date "2015.09.29"]
[Round "-"]
[White "Scooter"]
[Black "Timaeus"]
[Result "1-0"]
[WhiteCountry "USA"]
[BlackCountry "JPN"]
[WhiteElo "1723"]
[WhiteRD "47"]
[BlackElo "1399"]
[BlackRD "77"]
[GameID "388127"]

1. d4 Nf6 2. Nf3 g6 3. Bf4 d6 4. e3 Bg4 5. Be2 Ne4 6. O-O Bg7 7. Nbd2 d5 8. Ne5 Bxe2 9. Qxe2 f6 10. Nef3 Nd7
11. Nxe4 dxe4 12. Nd2 f5 13. Qc4 c6 14. h3 e6 15. Qxe6+ Qe7 16. Qxe7+ Kxe7 17. Nc4 Rad8 18. Bg5+ Bf6 19. Bxf6+ Kxf6 20. Nd6 b5
21. Nb7 Rc8 22. Rac1 Rc7 23. Nc5 Nxc5 24. dxc5 Rd8 25. Rfd1 Rcd7 26. Rxd7 Rxd7 27. Kf1 a5 28. Ke2 Rd5 29. Rd1 Rxc5 30. c3 b4
31. cxb4 Rc2+ 32. Rd2 Rxd2+ 33. Kxd2 axb4 34. a4 bxa3 35. bxa3 Ke7 36. Kc3 Kd7 37. Kc4 Kc7 38. Kc5 Kb7 39. a4 h5 40. a5 g5
41. a6+ Kxa6 42. Kxc6 h4 43. Kd5
1-0

[Event "Test anti-draw scoring"]
[Site "SchemingMind.com"]
[Date "2015.09.30"]
[Round "-"]
[White "Timaeus"]
[Black "Ramesh Panwar"]
[Result "0-1"]
[WhiteCountry "JPN"]
[BlackCountry "IND"]
[WhiteElo "1399"]
[WhiteRD "77"]
[BlackElo "2415"]
[BlackRD "59"]
[GameID "388128"]

1. d4 Nf6 2. Nf3 e6 3. Bf4 d5 4. c3 Be7 5. Nbd2 O-O 6. Qc2 b6 7. Be5 Bb7 8. g3 Nbd7 9. Ng5 h6 10. Bxf6 Nxf6
11. Ngf3 Bd6 12. Bg2 c5 13. b3 Rc8 14. Ne5 cxd4 15. Nec4 dxc3 16. Nxd6 cxd2+ 17. Qxd2 Qxd6 18. O-O Rc5 19. e4 Rfc8 20. Rac1 Nxe4
21. Bxe4 Rxc1 22. Rxc1 Rxc1+ 23. Qxc1 dxe4
0-1

[Event "Test anti-draw scoring"]
[Site "SchemingMind.com"]
[Date "2015.10.01"]
[Round "-"]
[White "Timaeus"]
[Black "Helga1946"]
[Result "0-1"]
[WhiteCountry "JPN"]
[BlackCountry "GER"]
[WhiteElo "1399"]
[WhiteRD "77"]
[BlackElo "2236"]
[BlackRD "71"]
[GameID "388129"]

1. d4 Nf6 2. Bg5 d5 3. e3 c5 4. c3 Nc6 5. Bb5 Qb6 6. Qe2 c4 7. Ba4 Bf5 8. b4 Bxb1 9. Rxb1 Ne4 10. Bxc6+ Qxc6
11. b5 Qg6 12. h4 Nxc3
0-1

[Event "Test anti-draw scoring"]
[Site "SchemingMind.com"]
[Date "2015.10.04"]
[Round "-"]
[White "emvarela"]
[Black "Sir Osis of the Liver"]
[Result "1-0"]
[WhiteCountry "ARG"]
[BlackCountry "ENG"]
[WhiteElo "1700"]
[WhiteRD "49"]
[BlackElo "1608"]
[BlackRD "82"]
[GameID "388312"]

1. e4 e5 2. Nf3 Nc6 3. d4 exd4 4. c3 Bc5 5. Bc4 Nf6 6. cxd4 Bb6 7. Nc3 d6 8. Bg5 h6 9. Bxf6 Qxf6 10. d5 Nd4
11. Nxd4 Bxd4 12. Qf3 O-O 13. Qxf6 Bxf6 14. O-O-O Bd7 15. f3 Rfe8 16. g3 a6 17. f4 c5 18. Rde1 b5 19. Bd3 c4 20. Be2 b4
21. Nb1 Rac8 22. Bd1 c3 23. bxc3 bxc3 24. Bc2 Rb8 25. Bb3 Rec8 26. Kc2 a5 27. a4 Bxa4 28. Bxa4 Rb4 29. Bc6 Rcb8 30. e5 dxe5
31. fxe5 Bg5 32. Nxc3 Rb2+ 33. Kd3 Rd2+ 34. Kc4 Rb4+ 35. Kc5 Rc2 36. Kd6 Rxc3 37. e6 fxe6 38. Rxe6 Be3 39. Kd7 a4 40. d6 Bc5
41. Re8+ Kf7 42. Rf1+ Kg6 43. Be4+ Kg5 44. Re5+ Kg4 45. Rf4+ Kh3 46. Rh4#
1-0

[Event "Test anti-draw scoring"]
[Site "SchemingMind.com"]
[Date "2015.10.03"]
[Round "-"]
[White "Sir Osis of the Liver"]
[Black "Phillip Beckett"]
[Result "1-0"]
[WhiteCountry "ENG"]
[BlackCountry "ENG"]
[WhiteElo "1573"]
[WhiteRD "84"]
[BlackElo "1559"]
[BlackRD "49"]
[GameID "388313"]

1. e4 e5 2. Nf3 Nc6 3. Bc4 Nf6 4. a3 Be7 5. O-O d6 6. h3 h6 7. d3 O-O 8. Be3 Nh7 9. Nc3 Ng5 10. Nh4 Nxh3+
11. gxh3 Bxh4 12. Qh5 Bg5 13. f4 exf4 14. Bxf4 Bxf4 15. Rxf4 Qg5+ 16. Qxg5 hxg5 17. Rf2 Be6 18. Nd5 Bxd5 19. Bxd5 g6 20. Rf6 Kg7
21. Raf1 Ne5 22. Bxb7 Rab8 23. Bd5 Rxb2 24. d4 Nd7 25. Rxf7+ Rxf7 26. Rxf7+
1-0

[Event "Test anti-draw scoring"]
[Site "SchemingMind.com"]
[Date "2015.10.03"]
[Round "-"]
[White "Timaeus"]
[Black "Sir Osis of the Liver"]
[Result "0-1"]
[WhiteCountry "JPN"]
[BlackCountry "ENG"]
[WhiteElo "1399"]
[WhiteRD "77"]
[BlackElo "1573"]
[BlackRD "84"]
[GameID "388314"]

1. d4 d5 2. Bf4 Nc6 3. c3 Bf5 4. e3 Nf6 5. Nd2 e6 6. Ngf3 h6 7. Bb5 a6 8. Bxc6+ bxc6 9. Ne5 Bd6 10. Nxc6 Qd7
11. Na5 O-O 12. O-O Bd3 13. Re1 Nh5 14. Qxh5 Bg6 15. Qh3 Bf5 16. Qg3 Bxf4 17. Qxf4 g5 18. Qg3 Kh7 19. Nf3 f6 20. Nb7 Qb5
21. Qxc7+ Kg6 22. h4 Qxb2 23. hxg5 hxg5 24. Rec1 Rac8 25. Rcb1 Bxb1 26. Nh4+ Kh5 27. Qh7+ Bxh7
0-1

[Event "Test anti-draw scoring"]
[Site "SchemingMind.com"]
[Date "2015.10.04"]
[Round "-"]
[White "Sir Osis of the Liver"]
[Black "Scooter"]
[Result "0-1"]
[WhiteCountry "ENG"]
[BlackCountry "USA"]
[WhiteElo "1573"]
[WhiteRD "84"]
[BlackElo "1723"]
[BlackRD "47"]
[GameID "388315"]

1. e4 c6 2. Nf3 d5 3. e5 Bg4 4. d4 e6 5. c3 Nd7 6. Be2 c5 7. O-O cxd4 8. cxd4 Bb4 9. h3 Bxf3 10. Bxf3 Ne7
11. a3 Ba5 12. Nc3 O-O 13. b4 Bc7 14. Nb5 a6 15. Nxc7 Qxc7 16. Bf4 Nb6 17. Rc1 Nc4 18. Be2 b5 19. Bg4 Qb6 20. Qb3 Qxd4
21. Qg3 Ng6 22. Be3 Nxe3 23. fxe3 Qxe5 24. Qf2 Rac8 25. Qd2 Qd6 26. e4 Ne5 27. Be2 Rfd8 28. Rfd1 Rxc1 29. Qxc1 Qb6+ 30. Kh1 dxe4
31. Re1 Nd3 32. Bxd3 exd3 33. Rd1 g6 34. Qc3 Qd4 35. Qc6 Rd6 36. Qc8+ Kg7 37. Rf1 d2 38. Qe8 Rd7 39. Rd1 Rc7
0-1

[Event "Test anti-draw scoring"]
[Site "SchemingMind.com"]
[Date "2015.10.04"]
[Round "-"]
[White "Sir Osis of the Liver"]
[Black "Helga1946"]
[Result "0-1"]
[WhiteCountry "ENG"]
[BlackCountry "GER"]
[WhiteElo "1573"]
[WhiteRD "84"]
[BlackElo "2236"]
[BlackRD "71"]
[GameID "388316"]

1. e4 c5 2. Bc4 Nc6 3. Nf3 Nf6 4. Nc3 e6 5. O-O d5 6. exd5 exd5 7. Bb5 Bd6 8. Re1+ Be6 9. d3 O-O 10. Bg5 h6
11. Bh4 Nd4 12. h3 g5 13. Nxd4 cxd4 14. Ne2 gxh4 15. c3 dxc3 16. Nxc3 Rc8 17. Rc1 Bb8 18. Qf3 d4 19. Ne4 Rxc1 20. Rxc1 Nxe4
21. Qxe4 Qg5 22. Bc4 Qxc1+
0-1

[Event "Test anti-draw scoring"]
[Site "SchemingMind.com"]
[Date "2015.10.03"]
[Round "-"]
[White "Ramesh Panwar"]
[Black "Sir Osis of the Liver"]
[Result "1-0"]
[WhiteCountry "IND"]
[BlackCountry "ENG"]
[WhiteElo "2415"]
[WhiteRD "59"]
[BlackElo "1573"]
[BlackRD "84"]
[GameID "388317"]

1. d4 d5 2. c4 dxc4 3. Nf3 e6 4. e4 b5 5. a4 c6 6. Be2 Nf6 7. O-O Nxe4 8. Ne5 Bd6 9. Bf3 Bxe5 10. dxe5 Ng5
11. Qxd8+ Kxd8 12. Bxg5+ Kc7 13. axb5 Bb7 14. Na3 Nd7 15. Rfc1 Nxe5 16. Bf4 f6 17. Nxc4 Kd7 18. Nxe5+ fxe5 19. bxc6+ Bxc6 20. Bxc6+
1-0

[Event "Test anti-draw scoring"]
[Site "SchemingMind.com"]
[Date "2015.10.11"]
[Round "-"]
[White "Eric Caesar"]
[Black "emvarela"]
[Result "1-0"]
[WhiteCountry "NED"]
[BlackCountry "ARG"]
[WhiteElo "1927"]
[WhiteRD "67"]
[BlackElo "1700"]
[BlackRD "49"]
[GameID "388447"]

1. d4 Nf6 2. c4 g6 3. Nc3 d5 4. cxd5 Nxd5 5. e4 Nxc3 6. bxc3 Bg7 7. Bc4 O-O 8. Ne2 c5 9. Be3 Nc6 10. Rc1 cxd4
11. cxd4 Qa5+ 12. Qd2 Qxd2+ 13. Kxd2 a6 14. Rhd1 Na5 15. Bd3 Bd7 16. Ke1 Rac8 17. Nf4 Rxc1 18. Rxc1 Rc8 19. Rxc8+ Bxc8 20. Nd5 e6
21. Ne7+
1-0

[Event "Test anti-draw scoring"]
[Site "SchemingMind.com"]
[Date "2015.10.07"]
[Round "-"]
[White "Phillip Beckett"]
[Black "Eric Caesar"]
[Result "0-1"]
[WhiteCountry "ENG"]
[BlackCountry "NED"]
[WhiteElo "1559"]
[WhiteRD "49"]
[BlackElo "1940"]
[BlackRD "74"]
[GameID "388448"]

1. e4 e6 2. d4 d5 3. Nd2 Nf6 4. exd5 exd5 5. Ngf3 Nc6 6. c3 Bf5 7. Be2 Qd7 8. O-O O-O-O 9. b4 Bd6 10. a4 Rdg8
11. Nb3 Ne4 12. Bb2 g5 13. a5 g4 14. Ne5 Nxe5 15. dxe5 Bxe5 16. Nc5 Nxc5 17. bxc5 h5 18. a6 b6 19. cxb6 cxb6 20. Qb3 h4
21. Bb5 Qd6 22. g3 hxg3 23. fxg3 Qc5+ 24. Rf2 Rxh2
0-1

[Event "Test anti-draw scoring"]
[Site "SchemingMind.com"]
[Date "2015.10.06"]
[Round "-"]
[White "Eric Caesar"]
[Black "Timaeus"]
[Result "1-0"]
[WhiteCountry "NED"]
[BlackCountry "JPN"]
[WhiteElo "1927"]
[WhiteRD "67"]
[BlackElo "1438"]
[BlackRD "80"]
[GameID "388449"]

1. d4 e5 2. dxe5 f6 3. exf6 Nxf6 4. Nf3 d5 5. e3 Bc5 6. Bd3 Be6 7. b3 Nbd7 8. Bb2 Qe7 9. Nbd2 Qd6 10. Qe2 O-O-O
11. O-O-O Bg4 12. h3 Bxf3 13. Nxf3 Ba3 14. Bf5 Bxb2+ 15. Kxb2 g6 16. Bxd7+ Rxd7 17. c4 c6 18. Rd3 Rhd8 19. Rhd1 a5 20. a4 Ne4
21. cxd5 Nc5 22. Rd4 cxd5 23. e4 Qb6 24. Qc2 Rc7 25. Rc1 Nxa4+ 26. Rxa4 Rxc2+ 27. Rxc2+ Kb8 28. e5 d4 29. Rd2 Qc5 30. Raxd4 Rxd4
31. Rxd4 Qb6 32. Ka2 Qe6 33. Rd8+ Ka7 34. Rd6 Qc8 35. Kb2 Qc5 36. Rd2 Qb4 37. Re2 a4 38. Re3 a3+ 39. Ka2 Qc5 40. Re2 Kb8
41. e6 Kc8 42. e7
1-0

[Event "Test anti-draw scoring"]
[Site "SchemingMind.com"]
[Date "2015.10.06"]
[Round "-"]
[White "Scooter"]
[Black "Eric Caesar"]
[Result "0-1"]
[WhiteCountry "USA"]
[BlackCountry "NED"]
[WhiteElo "1723"]
[WhiteRD "47"]
[BlackElo "1940"]
[BlackRD "74"]
[GameID "388450"]

1. d4 Nf6 2. Nf3 d5 3. Bf4 e6 4. e3 c5 5. Bb5+ Bd7 6. Bxd7+ Nbxd7 7. c3 Qb6 8. Qb3 c4 9. Qxb6 axb6 10. Nbd2 b5
11. b4 cxb3 12. Nxb3 Ne4 13. O-O Nxc3 14. Ne5 Ne2+ 15. Kh1 Nxf4 16. exf4 Nb6 17. Rfc1 Nc4 18. Rc2 Bd6 19. Nc5 b6 20. Ncd3 O-O
21. Rc3 Ra6 22. Rb3 Rfa8 23. Rxb5 Rxa2 24. Rxa2 Rxa2 25. g3 Bxe5 26. dxe5 Rd2 27. Rb3 g6 28. Kg1 Ra2 29. h4 h5 30. Nb4 Rb2
31. Rxb2 Nxb2 32. Kf1 Kf8 33. Ke2 Ke8 34. Kd2 Kd7 35. Kc2 Nc4 36. Kc3 Na5 37. Nc2 Nc6 38. Nd4 Nxd4 39. Kxd4 Kc6 40. f3 b5
41. g4 b4 42. f5 Kb5 43. fxg6 fxg6 44. gxh5 gxh5 45. f4 Kc6 46. Kd3 Kc5 47. Kc2 d4 48. Kd3 Kd5 49. f5 exf5
0-1

[Event "Test anti-draw scoring"]
[Site "SchemingMind.com"]
[Date "2015.10.06"]
[Round "-"]
[White "Helga1946"]
[Black "Eric Caesar"]
[Result "1-0"]
[WhiteCountry "GER"]
[BlackCountry "NED"]
[WhiteElo "2236"]
[WhiteRD "71"]
[BlackElo "1940"]
[BlackRD "74"]
[GameID "388451"]

1. Nf3 d5 2. d4 Nf6 3. c4 e6 4. Nc3 c6 5. Bg5 h6 6. Bxf6 Qxf6 7. e3 Nd7 8. a3 b6 9. Qb3 Bb7 10. Bd3 g6
11. cxd5 exd5 12. O-O Bg7 13. h4 O-O 14. h5 Kh8 15. hxg6 fxg6 16. Rad1 Rae8 17. Qa4 a5 18. Nxd5 cxd5 19. Qxd7 Bc6 20. Qg4 g5
21. Rc1 Qd6 22. Qh5 Re6 23. Nxg5 Be8 24. Qh4 Ref6 25. Nh7
1-0

[Event "Test anti-draw scoring"]
[Site "SchemingMind.com"]
[Date "2015.10.06"]
[Round "-"]
[White "Eric Caesar"]
[Black "Ramesh Panwar"]
[Result "0-1"]
[WhiteCountry "NED"]
[BlackCountry "IND"]
[WhiteElo "1940"]
[WhiteRD "74"]
[BlackElo "2415"]
[BlackRD "59"]
[GameID "388452"]

1. e4 e5 2. Nf3 Nc6 3. Bb5 Nf6 4. d3 d6 5. c3 Be7 6. O-O O-O 7. Nbd2 a6 8. Ba4 Re8 9. h3 h6 10. Re1 Bd7
11. d4 exd4 12. cxd4 b5 13. Bb3 Nh7 14. Nf1 Na5 15. Ng3 Nxb3 16. Qxb3 c5 17. dxc5 Be6 18. Qc2 dxc5 19. Be3 Rc8 20. Red1 Qc7
21. b3 Nf6 22. Rac1 c4 23. Nd4 Bd6 24. Nxe6 Rxe6 25. Nf5 Ba3 26. Rb1 Nxe4 27. Bd4 Bf8 28. Re1 Qf4 29. g4 Ng5 30. Be3 Nxh3+
31. Kh1 Qxg4 32. Ng3 Rce8 33. bxc4 Nf4
0-1

[Event "Test anti-draw scoring"]
[Site "SchemingMind.com"]
[Date "2015.10.07"]
[Round "-"]
[White "Sir Osis of the Liver"]
[Black "Eric Caesar"]
[Result "0-1"]
[WhiteCountry "ENG"]
[BlackCountry "NED"]
[WhiteElo "1608"]
[WhiteRD "82"]
[BlackElo "1927"]
[BlackRD "67"]
[GameID "388453"]

1. e4 e6 2. d4 d5 3. e5 c5 4. c3 Nc6 5. Nf3 Bd7 6. Bf4 cxd4 7. cxd4 Qb6 8. b3 Bb4+ 9. Nbd2 Nxd4 10. Be3 Nxf3+
11. Qxf3 Qc7 12. Be2 Ne7 13. O-O Bxd2 14. Bxd2 O-O 15. Bb4 Rfe8 16. Bd6 Qa5 17. Bd3 Nf5 18. b4 Qa4 19. h3 Nxd6 20. exd6 Qxb4
21. Qh5 g6 22. Qe5 Bc6 23. Rab1 Qa5 24. Rfc1 Qd8 25. Bb5 Qd7 26. Bxc6 bxc6 27. h4 Red8 28. Qf6 Qxd6 29. Rb7 Rd7 30. Rb3 e5
31. Qg5 f6 32. Qd2 Rc8 33. a4 c5 34. Rcb1 c4 35. Rb7 c3 36. Qc2 Kg7 37. g4 d4 38. Qe4 c2 39. Rc1 Rxb7 40. Qxb7+ Rc7
41. Qb8 d3 42. h5 d2
0-1

[Event "Test anti-draw scoring"]
[Site "SchemingMind.com"]
[Date "2015.10.11"]
[Round "-"]
[White "emvarela"]
[Black "ray winteringham"]
[Result "1-0"]
[WhiteCountry "ARG"]
[BlackCountry "ENG"]
[WhiteElo "1722"]
[WhiteRD "46"]
[BlackElo "1484"]
[BlackRD "52"]
[GameID "388478"]

1. e4 e5 2. Nf3 Nc6 3. Bb5 d6 4. d4 exd4 5. Qxd4 Bd7 6. Bxc6 Bxc6 7. Nc3 Qf6 8. Nd5 Bxd5 9. Qxd5 c6 10. Qb3 b6
11. Bg5 Qe6 12. Qxe6+ Ne7 13. Qxd6
1-0

[Event "Test anti-draw scoring"]
[Site "SchemingMind.com"]
[Date "2015.10.06"]
[Round "-"]
[White "ray winteringham"]
[Black "Phillip Beckett"]
[Result "0-1"]
[WhiteCountry "ENG"]
[BlackCountry "ENG"]
[WhiteElo "1484"]
[WhiteRD "52"]
[BlackElo "1559"]
[BlackRD "49"]
[GameID "388479"]

1. e4 e5 2. Nf3 Nc6 3. Bc4 Nf6 4. d3 Be7 5. Be3 d6 6. Nc3 h6 7. Qe2 Nh7 8. a3 Ng5 9. h3 O-O 10. O-O-O Be6
11. Nxg5 Bxg5 12. Bxe6 fxe6 13. Kb1 Nd4 14. Qg4 Qf6 15. f3 Bxe3 16. Qg3 Bf4 17. Qe1 a5 18. Ne2 Nxe2 19. Qxe2 d5 20. exd5 exd5
21. Rde1 Bg3 22. Ref1 Rae8 23. Qd2 Qf4 24. Qxf4 exf4 25. Rd1 Re2 26. Rhg1 Rfe8 27. c4 dxc4 28. dxc4 Rf2 29. Rd7 Ree2 30. Rxc7 Rxb2+
31. Kc1 Rfc2+ 32. Kd1 Ra2 33. Rxb7 Rf2 34. Rb1 Rad2+ 35. Kc1 Rc2+ 36. Kd1 Rfd2#
0-1

[Event "Test anti-draw scoring"]
[Site "SchemingMind.com"]
[Date "2015.10.06"]
[Round "-"]
[White "Timaeus"]
[Black "ray winteringham"]
[Result "0-1"]
[WhiteCountry "JPN"]
[BlackCountry "ENG"]
[WhiteElo "1399"]
[WhiteRD "77"]
[BlackElo "1484"]
[BlackRD "52"]
[GameID "388480"]

1. d4 d5 2. Nf3 Bf5 3. Bf4 h6 4. e3 e6 5. h3 Bd6 6. Bd3 Ne7 7. Bxd6 Qxd6 8. Nc3 O-O 9. g4 Bxd3 10. Qxd3 c5
11. dxc5 Qxc5 12. e4 Rd8 13. h4 Qc6 14. Nd4 Qe8 15. Qe2 Nbc6 16. Ndb5 Qd7 17. O-O-O d4 18. Nxd4 Nxd4 19. Qd3 e5 20. a4 Nb3+
21. Kb1 Qxd3 22. Rxd3 Rxd3 23. cxd3 Rc8 24. Rd1 Nc6 25. Nd5 Ncd4 26. Nc3 Ra8 27. Ka2 a6 28. g5 hxg5 29. h5 f6
0-1